Perspective de la ville neuve, et du Palais de S. M. dit d'Hollande et des Environs de La campagne de Losehuwitz, avec vne partie de La Roiale Eglise Catolique et des Bastions de la ville de

Hlavní autor: Bellotto, Bernardo, 1720-1780
Další autoři: Canaletto, 1697-1768, Brühl, Heinrich von, 1700-1763
Jazyk: Francouzština
Vydáno: [S.l. : s.n., mezi 1747 a 1752]
Témata:
Externí odkaz: Digitalizovaný dokument
Fyzický popis: 1 grafický list : mědirytina ; 47 x 83 cm na listu 66 x 102 cm, složeno na 66 x 51 cm
Grafika
Uloženo v:
LEADER 02519nkm a2200517 a 4500
001 mzk03001058618
003 CZ BrMZK
005 20110812102135.0
007 kj bo|
008 080107q17471752xx ||| f || k|freod
034 0 |a a  |d E0134300  |e E0134600  |f N0510400  |g N0510200 
040 |a BOA001  |b cze 
043 |a e-gx--- 
072 7 |a 712  |x Plánování krajiny. Parky. Zahrady  |2 Konspekt  |9 24 
072 7 |a 76  |x Grafické umění. Grafika  |2 Konspekt  |9 21 
080 |a (0.026.6)76  |2 MRF 
080 |a (084.1)  |2 MRF 
080 |a (430.246)  |2 MRF 
080 |a 712.26  |2 MRF 
080 |a 912.43:069.5  |2 MRF 
100 1 |a Bellotto, Bernardo,  |d 1720-1780  |7 ola2002153911  |4 aut 
245 1 0 |a Perspective de la ville neuve, et du Palais de S. M. dit d'Hollande et des Environs de La campagne de Losehuwitz, avec vne partie de La Roiale Eglise Catolique et des Bastions de la ville de  |h [grafika] /  |c Dresde, prise de la prairie Joignante aux Leuries Roiales et a L'orangerie Ce Tableau fait par ordre de Sa Majeste Le Roy de Pologne et Elec: de Sax. & & &. Peint dessine, et gravé par Ber: Bellotto del. Canaletto Pein. Rle. 1747 
255 |a Měřítko neuvedeno  |c (013°43´00" v.d.--013°46´00" v.d./051°04´00" s.š.--051°02´00" s.š.) 
260 |a [S.l. :  |b s.n.,  |c mezi 1747 a 1752] 
300 |a 1 grafický list :  |b mědirytina ;  |c 47 x 83 cm na listu 66 x 102 cm, složeno na 66 x 51 cm 
500 |a List je součástí součástí souboru pohledů na Drážďany a jejich okolí uloženého pod signaturami Moll-0004.775 až Moll-0004.784 
500 |a Výzdoba: Pohled na město přes Labe, figurální scény, pod obrazem název a znak 
510 3 |a BNF 
510 4 |a Kuchař, K. Mapová sbírka B.P. Molla,  |c s. 398 
655 7 |a grafické listy  |7 fd132404  |2 czenas 
655 7 |a veduty  |7 fd133805  |2 czenas 
650 0 7 |a historické zahrady  |7 ph120734  |2 czenas 
650 0 4 |a Mollova mapová sbírka 
650 0 7 |a mapové sbírky  |z Česko  |7 ph182407  |2 czenas 
610 2 7 |a Moravská zemská knihovna (Brno, Česko).  |b Mapová sbírka B.P. Molla  |7 mzk2005304487  |2 czenas 
651 7 |a Drážďany (Německo)  |7 ge129086  |2 czenas 
700 0 |a Canaletto,  |d 1697-1768  |7 jn19981000437  |4 ill 
700 1 |a Brühl, Heinrich von,  |d 1700-1763  |7 mzk2009528275  |4 dte 
856 4 1 |u http://mapy.mzk.cz/mzk03/001/058/618/2619317696  |y Digitalizovaný dokument 
903 |a RP 
910 |a BOA001  |b Moll-0004.776 
978 |b S.n.  |a s.l.  |c 1747-1752 
985 |a 1701-1750 
985 |a 1751-1800 
990 |a GP 
991 |k mzk